Racisme aryaniste, socialisme et eugénisme chez Georges Vacher de Lapouge (1854-1936) (notice n° 1655712)

détails MARC
000 -LEADER
fixed length control field 01749cam a2200157 4500500
005 - DATE AND TIME OF LATEST TRANSACTION
control field 20260208010237.0
041 ## - LANGUAGE CODE
Language code of text/sound track or separate title fre
042 ## - AUTHENTICATION CODE
Authentication code dc
100 10 - MAIN ENTRY--PERSONAL NAME
Personal name Taguieff, Pierre-André
Relator term author
245 00 - TITLE STATEMENT
Title Racisme aryaniste, socialisme et eugénisme chez Georges Vacher de Lapouge (1854-1936)
260 ## - PUBLICATION, DISTRIBUTION, ETC.
Date of publication, distribution, etc. 2005.<br/>
500 ## - GENERAL NOTE
General note 66
520 ## - SUMMARY, ETC.
Summary, etc. From the end of 1880 to 1900 Georges Vacher de Lapouge proved himself to be the true founding father of Social Sciences or “Political Sciences”. His theoretical project was to study the interaction between biological and social in order to explain the evolution of societies according to hereditary mechanisms and selection. His social evolutionism including “Racial theory”, “Anthroposociology” or “Selectionism” proved to be an imaginary science, accepted as such by most of his contemporaries, at least in France. At the same time, Lapouge was also a political “revolutionary” activist engaged in the social movement. He also was, until his death in 1936, a theoretician and propagandist of eugenics, which he believed to be the true social reform. Lapouge the eugenicist had a great number of followers only in the United States and in Germany. His personality (that of a racist aryanist, a socialist and eugenicist) will be remembered as a French historical and intellectual figure of the end of the 19th century and the first quarter of the 20th century, as well as in relation to the history of cultural interchanges between France, Germany, England and the United States.
786 0# - DATA SOURCE ENTRY
Note Revue d’Histoire de la Shoah | 183 | 2 | 2005-10-19 | p. 69-134 | 2111-885X
856 41 - ELECTRONIC LOCATION AND ACCESS
Uniform Resource Identifier <a href="https://shs.cairn.info/revue-d-histoire-de-la-shoah-2005-2-page-69?lang=fr&redirect-ssocas=7080">https://shs.cairn.info/revue-d-histoire-de-la-shoah-2005-2-page-69?lang=fr&redirect-ssocas=7080</a>

Pas d'exemplaire disponible.

PLUDOC

PLUDOC est la plateforme unique et centralisée de gestion des bibliothèques physiques et numériques de Guinée administré par le CEDUST. Elle est la plus grande base de données de ressources documentaires pour les Étudiants, Enseignants chercheurs et Chercheurs de Guinée.

Adresse

627 919 101/664 919 101

25 boulevard du commerce
Kaloum, Conakry, Guinée

Réseaux sociaux

Powered by Netsen Group @ 2025